Cisco VoIP : Autorizovaný výukový průvodce

Salvato in:
Dettagli Bibliografici
Autore principale: Wallace, Kevin (Autore)
Natura: Libro
Lingua:ceco
Pubblicazione: Brno : Computer Press, 2009
Edizione:1.vyd.
Tags: Aggiungi Tag
Nessun Tag, puoi essere il primo ad aggiungerne!!

MARC

LEADER 00000nam a22000003a 4500
001 stu202558
005 20150617225958.7
008 100420s2009----xr------------------cze-d
020 |a 978-80-251-2228-0 
040 |a STU  |b slo 
041 0 |a cze 
044 |a xr 
080 |a 621.395 
080 |a 654.1 
100 1 |a Wallace, Kevin  |4 aut 
245 1 |a Cisco VoIP :  |b Autorizovaný výukový průvodce 
250 |a 1.vyd. 
260 |a Brno :  |b Computer Press,  |c 2009 
300 |a 527 s 
500 |a prel. z angl.orig. 
996 |c V*50752/O-22709  |l VV23  |s P  |a 0  |w stu202558_0001 
996 |b 284EK89214  |c E*89214  |l EE01  |s A  |a 24  |w stu202558_0002